| 000 | 00978nam a22002774aa4500 | ||
|---|---|---|---|
| 003 | BOFEUTO | ||
| 005 | 20260512164033.0 | ||
| 008 | 260504t2024 bo gr 000 f spa d | ||
| 040 |
_6BOFEUTO _aBOFEUTO _cBOFEUTO |
||
| 041 | _aspa | ||
| 044 | _abo | ||
| 082 |
_aTE6305 _bM827p |
||
| 100 |
_aMorales Ríos, Fabiana Astrid _eautor |
||
| 245 |
_aPlan de marketing para el Hostal Gran Floryda de la ciudad de Oruro. / _cFabiana Astrid Morales Ríos, Herrera Lovera, Pablo |
||
| 260 |
_aOruro : _bs/n, _c2024 |
||
| 300 |
_a98 hojas ; _bgráf, ilus. ; _c28.5 cm. |
||
| 500 | _aIncluye bibliografía, anexos. | ||
| 502 | _aTesis Dirigida, (Licenciatura) -- Universidad Técnica de Oruro, Facultad de Ciencias Económicas, Financieras y Administrativas, Carrera Administración de Empresas, 2024. | ||
| 650 | _aMarketing | ||
| 653 | _aPlan | ||
| 653 | _aProceso | ||
| 653 | _aServicio | ||
| 653 | _aCanales | ||
| 700 |
_aHerrera Lovera, Pablo _eautor |
||
| 942 |
_2ddc _cTE _n0 |
||
| 999 |
_c16160 _d16160 |
||